Essential biology

Salvato in:
Dettagli Bibliografici
Autore principale: Campbell, Neil A.
Natura: Libro
Lingua:Undetermined
Pubblicazione: San Francisco, CA Pearson 2004
Soggetti:
Tags: Aggiungi Tag
Nessun Tag, puoi essere il primo ad aggiungerne! !
Thư viện lưu trữ: Trung tâm Học liệu Trường Đại học Cần Thơ
LEADER 00485nam a2200181Ia 4500
001 CTU_80461
008 210402s9999 xx 000 0 und d
082 |a 570 
082 |b C174 
100 |a Campbell, Neil A. 
245 0 |a Essential biology 
245 0 |c Neil A. Cambell, Jane B. Reece, Eric J. Simon 
260 |a San Francisco, CA 
260 |b Pearson 
260 |c 2004 
650 |a Biology 
904 |i Minh,Hải 
980 |a Trung tâm Học liệu Trường Đại học Cần Thơ